[Event "Bangkok Big Rook op"]
[Site "Bangkok"]
[Date "2023.05.06"]
[Round "4"]
[White "Dungca, Ryan"]
[Black "Nodon, Jeremi"]
[Result "1-0"]
[WhiteElo "2157"]
[BlackElo "1834"]
[PlyCount "81"]
[EventDate "2023.05.04"]
[EventType "swiss"]
[EventRounds "7"]
[EventCountry "THA"]
[SourceTitle "CBM 214 Extra"]
[Source "ChessBase"]
[SourceDate "2023.07.31"]
[SourceVersion "1"]
[SourceVersionDate "2023.07.31"]
[SourceQuality "1"]

1. d4 d5 2. Nf3 Nf6 3. Bf4 e6 4. e3 Bd6 5. Bg3 0-0 6. Nbd2 b6 7. Ne5 c5 8. c3 Qc7 9. Bd3 Ba6 10. Bxa6 Nxa6 11. 0-0 b5 12. Qe2 c4 13. a3 Nb8 14. e4 Nfd7 15. f4 f5 16. Nxd7 Nxd7 17. exd5 exd5 18. Qe6+ Kh8 19. Qxd5 Rab8 20. Rae1 Rb6 21. Re2 g6 22. Qf3 a5 23. Bh4 b4 24. axb4 axb4 25. Be7 Rc8 26. Qg3 bxc3 27. bxc3 Rb2 28. Bxd6 Qxd6 29. Nxc4 Rxc4 30. Rxb2 Nf6 31. Rb7 Qc6 32. Rb8+ Kg7 33. Rfb1 Nd7 34. R8b7 Kg8 35. Qe1 Kf8 36. Qh4 Qc8 37. Qxh7 Rxc3 38. Qh8+ Ke7 39. Qg7+ Kd8 40. Qg8+ Ke7 41. Re1+ 1-0

[Event "Tokyo Japan op"]
[Site "Tokyo"]
[Date "2021.11.23"]
[Round "7"]
[White "Katsuta, Yuki"]
[Black "Nodon, Jeremi"]
[Result "1-0"]
[WhiteElo "1897"]
[BlackElo "1823"]
[PlyCount "93"]
[EventDate "2021.11.20"]
[EventType "swiss"]
[EventRounds "7"]
[EventCountry "JPN"]
[SourceTitle "CBM 205 Extra"]
[Source "ChessBase"]
[SourceDate "2022.01.31"]
[SourceVersion "1"]
[SourceVersionDate "2022.01.31"]
[SourceQuality "1"]

1. d4 d5 2. c4 e6 3. Nc3 Nf6 4. Bg5 Be7 5. Nf3 0-0 6. e3 h6 7. Bh4 b6 8. cxd5 Nxd5 9. Bxe7 Qxe7 10. Rc1 Bb7 11. Be2 Rd8 12. 0-0 c5 13. Nxd5 Bxd5 14. Qc2 Nd7 15. Rfd1 Rac8 16. Qb1 Nf6 17. b3 Bxf3 18. Bxf3 cxd4 19. Rxc8 Rxc8 20. Rxd4 e5 21. Rd1 e4 22. Be2 Qc5 23. g3 Nd5 24. Rd4 Nc3 25. Qc2 Nxe2+ 26. Qxe2 Qc1+ 27. Kg2 f5 28. Qh5 Rf8 29. Rd5 Kh7 30. Rd7 Qa3 31. Rf7 Rxf7 32. Qxf7 Qa5 33. a3 a6 34. Qe6 Qxa3 35. Qxf5+ Kh8 36. Qe6 b5 37. Qe8+ Kh7 38. Qxe4+ Kh8 39. Qd5 b4 40. e4 a5 41. e5 a4 42. e6 axb3 43. e7 Qa4 44. Qd8+ Kh7 45. e8Q Qxe8 46. Qxe8 b2 47. Qe4+ 1-0

[Event "Tokyo-ch"]
[Site "Tokyo"]
[Date "2021.03.21"]
[Round "5"]
[White "Ogawa, Tomie"]
[Black "Nodon, Jeremi"]
[Result "1-0"]
[WhiteElo "2174"]
[BlackElo "1800"]
[PlyCount "77"]
[EventDate "2021.03.20"]
[EventType "swiss"]
[EventRounds "6"]
[EventCountry "JPN"]
[SourceTitle "EXT 2022"]
[Source "ChessBase"]
[SourceDate "2021.10.06"]
[SourceVersion "1"]
[SourceVersionDate "2021.10.06"]
[SourceQuality "1"]

1. d4 d5 2. c4 e6 3. Nf3 Nf6 4. Nc3 Be7 5. Bg5 0-0 6. e3 b6 7. cxd5 Nxd5 8. Bxe7 Qxe7 9. Bd3 Bb7 10. 0-0 Nd7 11. Rc1 c5 12. Re1 Rac8 13. e4 cxd4 14. Nxd4 Nxc3 15. bxc3 Nc5 16. Bb1 e5 17. Nf5 Qf6 18. Qg4 Rcd8 19. Re3 Rd2 20. Rg3 g6 21. Rf3 Kh8 22. Ne3 Qe6 23. Qxe6 Nxe6 24. Nc4 Re2 25. Kf1 Rxe4 26. Bxe4 Bxe4 27. Re3 Nc5 28. Nxe5 f5 29. f3 Bb7 30. Rd1 Kg8 31. Nd7 Rc8 32. Nxc5 bxc5 33. Rd7 Bc6 34. Rxa7 Rb8 35. Rc7 Rb1+ 36. Kf2 f4 37. Re2 Bb5 38. c4 Bxc4 39. Re8# 1-0

[Event "Pattaya op"]
[Site "Pattaya"]
[Date "2019.10.28"]
[Round "7"]
[White "Nodon, Jeremi"]
[Black "Chongstitwattana, Cholapat"]
[Result "1-0"]
[WhiteElo "1742"]
[BlackElo "1512"]
[PlyCount "62"]
[EventDate "2019.10.23"]
[EventType "swiss"]
[EventRounds "9"]
[EventCountry "THA"]
[SourceTitle "CBM 195 Extra"]
[Source "ChessBase"]
[SourceDate "2020.05.31"]
[SourceVersion "1"]
[SourceVersionDate "2020.05.31"]
[SourceQuality "1"]

1. d4 e6 2. Nf3 f5 3. g3 Nf6 4. Bg2 Be7 5. 0-0 0-0 6. c4 Ne4 7. d5 Bf6 8. dxe6 dxe6 9. Nfd2 Nxd2 10. Nxd2 c6 11. Rb1 a5 12. b3 Na6 13. a3 Nc5 14. Qc2 e5 15. b4 axb4 16. axb4 Ne6 17. e3 Qe8 18. c5 Qh5 19. Qd1 Qg6 20. f4 exf4 21. exf4 Bd4+ 22. Kh1 Rd8 23. Qb3 Kh8 24. Nf3 Qf6 25. Nxd4 Qxd4 26. Bb2 Qd3 27. Bc3 Qe2 28. Rb2 Qa6 29. Re1 Re8 30. Rbe2 Bd7 31. Bb2 Qa4 1-0

[Event "Pattaya op"]
[Site "Pattaya"]
[Date "2019.10.27"]
[Round "6"]
[White "Pugachov, Ilia"]
[Black "Nodon, Jeremi"]
[Result "1-0"]
[WhiteElo "2138"]
[BlackElo "1742"]
[PlyCount "57"]
[EventDate "2019.10.23"]
[EventType "swiss"]
[EventRounds "9"]
[EventCountry "THA"]
[SourceTitle "CBM 195 Extra"]
[Source "ChessBase"]
[SourceDate "2020.05.31"]
[SourceVersion "1"]
[SourceVersionDate "2020.05.31"]
[SourceQuality "1"]

1. e4 d6 2. d4 Nf6 3. Nc3 g6 4. Bg5 Bg7 5. Qd2 h6 6. Bf4 g5 7. Bg3 Nh5 8. 0-0-0 Nc6 9. Nge2 Nxg3 10. hxg3 e6 11. f4 g4 12. Qe3 Bd7 13. e5 d5 14. f5 b5 15. Nf4 b4 16. Nh5 bxc3 17. Nxg7+ Kf8 18. Rxh6 cxb2+ 19. Kb1 Rg8 20. f6 Nb4 21. Qa3 c5 22. c3 a5 23. cxb4 axb4 24. Qxb2 b3 25. Qc3 bxa2+ 26. Ka1 Rxg7 27. Rh8+ Rg8 28. Qxc5+ Ke8 29. Rxg8# 1-0

[Event "Pattaya op"]
[Site "Pattaya"]
[Date "2019.10.25"]
[Round "4"]
[White "Vagle, Raymond"]
[Black "Nodon, Jeremi"]
[Result "1/2-1/2"]
[WhiteElo "1985"]
[BlackElo "1742"]
[PlyCount "52"]
[EventDate "2019.10.23"]
[EventType "swiss"]
[EventRounds "9"]
[EventCountry "THA"]
[SourceTitle "CBM 195 Extra"]
[Source "ChessBase"]
[SourceDate "2020.05.31"]
[SourceVersion "1"]
[SourceVersionDate "2020.05.31"]
[SourceQuality "1"]

1. Nf3 d5 2. g3 c6 3. Bg2 Nf6 4. d3 Bg4 5. Nbd2 Nbd7 6. h3 Bxf3 7. Nxf3 e5 8. 0-0 Bd6 9. c4 dxc4 10. dxc4 Qc7 11. Qc2 0-0 12. Be3 Bc5 13. Bxc5 Nxc5 14. b4 Ne6 15. Qc3 Nd7 16. Rfd1 f5 17. Rd2 e4 18. Rad1 Rad8 19. Nd4 Qe5 20. Qe3 Nb6 21. Nxe6 Rxd2 22. Qxd2 Qxe6 23. c5 Nc4 24. Qd7 Qxd7 25. Rxd7 Rf7 26. Rxf7 Kxf7 1/2-1/2